000 00525nam a2200217Ia 4500
008 210210b2006 xxu||||| |||| 00| 0 eng d
020 _a9780195694178
041 _aeng
082 _a536.7 BLUC
100 _aBLUNDELL (Stephen J)
245 _aConcepts in thermal physics
260 _aNew Delhi
_bOxford University Press
_c2006
300 _axviii,464
650 _athermal
650 _aphysics
650 _ain
650 _aConcepts
690 _aHeat
700 _aBLUNDELL (Katherine M)
906 _a064799
999 _c141747
_d141747